000 00711cam a22002531 4500
008 791113s1957 fr 000 0 fre
010 _aa 58003925
020 _a9782707302427
040 _aDLC
_cDLC
_dDLC
050 0 0 _aPQ2603.U73
_b M65 1957
092 0 4 _a843.914
_bB987m
_221
099 _a04
_a843.914 B987m
100 1 _aButor, Michel.
245 1 3 _aLa modification;
_broman /
_cMichel Butor.
260 _aParis :
_bâEditions de minuit ;
_c1957.
300 _a236 p.
_c23 cm.
600 1 0 _aButor, Michel.
650 0 _aFrench fiction
_y19th century.
902 _a1
905 _aEman
_eRev.
905 _aJamal
_eCat.
942 _2ddc
_cBK
999 _c130977
_d130977